[Event "XXXV Memorial Edoardo Crespi Magistrale"]
[Site "Milano ITA"]
[Date "2014.12.08"]
[Round "4"]
[White "D'Avino, Gianfranco"]
[Black "Andreoni, Giuseppe"]
[WhiteElo "2137"]
[BlackElo "2179"]
[Result "1/2-1/2"]
[PlyCount "84"]
[EventDate "2014.12.06"]

1. d4 Nf6 2. c4 g6 3. g3 Bg7 4. Bg2 d5 5. cxd5 Nxd5 6. e4 Nb6 7. Ne2 c5 8. d5
e6 9. Nbc3 exd5 10. exd5 O-O 11. O-O Na6 12. d6 Re8 13. Ne4 Bf5 14. N2c3 Qd7
15. Bg5 Re6 16. Be7 Nc4 17. Ng5 Rxe7 18. dxe7 Qxe7 19. h4 Rd8 20. Bd5 Nd6 21.
Re1 Qf6 22. a3 h6 23. Nf3 Bg4 24. Qd3 c4 25. Qe3 Nf5 26. Qf4 Bxf3 27. Qxf3 Nd4
28. Qxf6 Bxf6 29. Bxb7 Nc5 30. Be4 Rb8 31. Rab1 Nxe4 32. Rxe4 Nf3+ 33. Kg2 Nd2
34. Rbe1 Nxe4 35. Rxe4 Rxb2 36. Nd5 Kg7 37. Rxc4 Bd8 38. a4 Rd2 39. Ne3 Bb6 40.
Kf3 h5 41. Rf4 Ra2 42. Rc4 Rd2 1/2-1/2

[Event "XXXV Memorial Edoardo Crespi Magistrale"]
[Site "Milano ITA"]
[Date "2014.12.08"]
[Round "4"]
[White "Garano, Nicola"]
[Black "Ricci, Marco"]
[WhiteElo "2189"]
[BlackElo "2048"]
[Result "0-1"]
[PlyCount "86"]
[EventDate "2014.12.06"]

1. e4 e6 2. d4 d5 3. Nc3 Nf6 4. Bg5 Bb4 5. e5 h6 6. Be3 Ne4 7. Qg4 g6 8. a3
Bxc3+ 9. bxc3 c5 10. dxc5 Nc6 11. Bb5 Qa5 12. Bxc6+ bxc6 13. Ne2 Ba6 14. O-O h5
15. Qf3 O-O 16. Nd4 Bxf1 17. Rxf1 Qc7 18. Qf4 Rae8 19. Qh6 Qxe5 20. Nxc6 Qg7
21. Nxa7 Ra8 22. Qxg7+ Kxg7 23. c6 Nxc3 24. c7 Ne2+ 25. Kh1 d4 26. c8=Q Raxc8
27. Nxc8 Rxc8 28. Bd2 Rxc2 29. Bb4 Ra2 30. g3 e5 31. Rd1 Kf6 32. Kg2 Ke6 33.
Rd2 Rxd2 34. Bxd2 Nc3 35. h3 Kd5 36. f3 Kc4 37. g4 hxg4 38. fxg4 Kd3 39. Bg5
Ne4 40. Be7 g5 41. Kf1 Kc2 42. Bb4 d3 43. a4 Nc3 0-1

[Event "XXXV Memorial Edoardo Crespi Magistrale"]
[Site "Milano ITA"]
[Date "2014.12.08"]
[Round "4"]
[White "Iudicello, Giovanni"]
[Black "Podini, Francesco"]
[WhiteElo "2099"]
[BlackElo "2000"]
[Result "0-1"]
[PlyCount "78"]
[EventDate "2014.12.06"]

1. e4 c5 2. Nf3 d6 3. d4 cxd4 4. Nxd4 Nf6 5. Nc3 a6 6. Bg5 Qb6 7. Nb3 e6 8. Be2
Be7 9. Qd2 O-O 10. O-O Rd8 11. Rad1 Nc6 12. a4 Qc7 13. h3 b6 14. Be3 Bb7 15. f4
Rac8 16. Bf3 Na5 17. Nxa5 bxa5 18. Qf2 Nd7 19. Rd2 Nc5 20. Rfd1 Qb8 21. e5 d5
22. Kh1 Ba8 23. Bd4 Qb4 24. b3 Nd7 25. Qe3 Bc5 26. Ne2 Qb6 27. Kh2 g6 28. g4
Nb8 29. f5 Bxd4 30. Nxd4 Nd7 31. Qh6 Qc7 32. fxe6 Nxe5 33. Kg2 Nxf3 34. Kxf3
fxe6 35. Kg2 Re8 36. Rf2 e5 37. Nf3 d4 38. Kg1 Rf8 39. Rdf1 Qc3 0-1

[Event "XXXV Memorial Edoardo Crespi Magistrale"]
[Site "Milano ITA"]
[Date "2014.12.08"]
[Round "4"]
[White "Legky, Nikolay A."]
[Black "Brociner, Beniamino"]
[WhiteElo "2406"]
[BlackElo "2202"]
[Result "1-0"]
[PlyCount "45"]
[EventDate "2014.12.06"]

1. d4 Nf6 2. c4 d6 3. Nc3 Nbd7 4. e4 e5 5. Nf3 c6 6. Be2 Be7 7. O-O O-O 8. Re1
a6 9. Bf1 b5 10. a3 Bb7 11. h3 Re8 12. b4 bxc4 13. Bxc4 d5 14. Ba2 exd4 15.
Nxd4 Nxe4 16. Nxe4 dxe4 17. Bxf7+ Kxf7 18. Qb3+ Kg6 19. Ne6 Qc8 20. Nf4+ Kh6
21. Qf7 g5 22. Bb2 gxf4 23. Qg7+ 1-0

[Event "XXXV Memorial Edoardo Crespi Magistrale"]
[Site "Milano ITA"]
[Date "2014.12.08"]
[Round "4"]
[White "Motola, Jacopo"]
[Black "Aleksic, Nenad"]
[WhiteElo "2069"]
[BlackElo "2328"]
[Result "1/2-1/2"]
[PlyCount "82"]
[EventDate "2014.12.06"]

1. e4 b6 2. d4 Bb7 3. Bd3 e6 4. Nf3 c5 5. c3 Nf6 6. Qe2 d6 7. h3 Be7 8. Bg5 a6
9. Nbd2 h6 10. Bh4 Nh5 11. Bxe7 Qxe7 12. Qe3 Nf6 13. O-O Nbd7 14. Nc4 d5 15.
Ncd2 dxe4 16. Nxe4 O-O 17. dxc5 Nd5 18. Qd2 bxc5 19. Rfe1 Rfd8 20. Rad1 N7f6
21. Nxf6+ Qxf6 22. Be4 Rab8 23. Qc1 Ba8 24. Ne5 Nf4 25. Bxa8 Rxa8 26. Qe3 Rac8
27. Kh2 Nd5 28. Qe4 Qxf2 29. Rf1 Qe3 30. Qxe3 Nxe3 31. Rxd8+ Rxd8 32. Rf3 Nf5
33. Rd3 Rd5 34. Rxd5 exd5 35. Nd7 c4 36. Nc5 a5 37. Nb7 a4 38. Nc5 a3 39. bxa3
d4 40. cxd4 Nxd4 41. Kg1 Kf8 1/2-1/2

[Event "XXXV Memorial Edoardo Crespi Magistrale"]
[Site "Milano ITA"]
[Date "2014.12.08"]
[Round "4"]
[White "Nicolo', Filippo"]
[Black "Tramalloni, Luca"]
[WhiteElo "2062"]
[BlackElo "2053"]
[Result "1-0"]
[PlyCount "47"]
[EventDate "2014.12.06"]

1. e4 c6 2. Nc3 d5 3. Nf3 Bg4 4. h3 Bh5 5. exd5 cxd5 6. Bb5+ Nc6 7. g4 Bg6 8.
Ne5 Qd6 9. d4 f6 10. Nxg6 hxg6 11. Qd3 Kf7 12. Nxd5 e6 13. Nf4 g5 14. Ng6 Rh6
15. Nxf8 Rxf8 16. c3 Nge7 17. Bd2 Rc8 18. Kf1 Ng6 19. Re1 Nce7 20. c4 Rd8 21.
Qe4 Qxd4 22. Qxe6+ Kf8 23. Bb4 Qd3+ 24. Kg1 1-0

[Event "XXXV Memorial Edoardo Crespi Magistrale"]
[Site "Milano ITA"]
[Date "2014.12.08"]
[Round "4"]
[White "Olea, Liliana"]
[Black "Gedajlovic, Max"]
[WhiteElo "1928"]
[BlackElo "2104"]
[Result "0-1"]
[PlyCount "96"]
[EventDate "2014.12.06"]

1. e4 c5 2. Nf3 d6 3. Bb5+ Bd7 4. Bxd7+ Qxd7 5. c4 Nc6 6. Nc3 g6 7. d4 cxd4 8.
Nxd4 Bg7 9. Be3 Nf6 10. h3 O-O 11. O-O Rfc8 12. b3 Qd8 13. Qd2 Qa5 14. Rad1
Rab8 15. a4 Nxd4 16. Bxd4 Qb4 17. Qc2 Qa5 18. f4 Re8 19. f5 Nd7 20. Bxg7 Kxg7
21. Nd5 f6 22. Nf4 Nf8 23. Rf3 Rec8 24. Qb2 Qb6+ 25. Rf2 Kf7 26. Nd5 Qd8 27.
Rdf1 Nd7 28. Qd2 g5 29. Qe2 Ne5 30. h4 h6 31. Qh5+ Kg7 32. hxg5 hxg5 33. Re2
Qd7 34. Re3 Rh8 35. Qe2 Rh4 36. Rh3 Rxh3 37. gxh3 Rh8 38. Kg2 Rh4 39. Rh1 b6
40. Re1 Qb7 41. Qd2 Qd7 42. a5 Qe8 43. Re3 Qh5 44. Qc3 g4 45. axb6 gxh3+ 46.
Kh1 axb6 47. Nxb6 Qg5 48. Qe1 Qg2# 0-1

[Event "XXXV Memorial Edoardo Crespi Magistrale"]
[Site "Milano ITA"]
[Date "2014.12.08"]
[Round "4"]
[White "Pavlidis, Anastasios"]
[Black "Cazzaniga, Walter"]
[WhiteElo "2354"]
[BlackElo "2115"]
[Result "0-1"]
[PlyCount "150"]
[EventDate "2014.12.06"]

1. e4 e6 2. d4 d5 3. Nc3 Bb4 4. e5 c5 5. a3 Bxc3+ 6. bxc3 Ne7 7. Qg4 O-O 8. Bd3
f5 9. exf6 Rxf6 10. Bg5 Rf7 11. Nf3 Nbc6 12. Ne5 Nxe5 13. dxe5 Qc7 14. Bxe7
Qxe7 15. O-O c4 16. Be2 Bd7 17. Qd4 Ba4 18. Bd1 b6 19. f4 Raf8 20. g3 g5 21.
Bh5 Rg7 22. f5 exf5 23. Qxd5+ Kh8 24. Rf2 Bd7 25. Rd1 Be6 26. Qd6 f4 27. Rd4
Bf5 28. Rxc4 Rd8 29. Qf6 Rf8 30. Qd6 Rd8 31. Qxe7 Rxe7 32. Re2 Rd5 33. g4 Be6
34. Rc6 Kg7 35. h4 Rd1+ 36. Kf2 gxh4 37. Rd6 Ra1 38. Kf3 Bc4 39. Rf2 Rxe5 40.
Kxf4 Rae1 41. Rfd2 Re7 42. Rd7 h3 43. g5 Bf1 44. Bg4 Bg2 45. Kg3 R1e3+ 46. Kh2
Kg6 47. Rxe7 Rxe7 48. Rd3 Kxg5 49. Bxh3 Bxh3 50. Kxh3 Rc7 51. Kg3 Rc5 52. a4 h5
53. Kh3 Kf5 54. Kh2 Kf4 55. Rd7 Ra5 56. Rf7+ Ke3 57. Rd7 Rxa4 58. Rd3+ Ke2 59.
Rd5 h4 60. Rd4 b5 61. Rd5 a6 62. Rd6 Ra3 63. Rc6 h3 64. Kxh3 b4 65. Kh4 Rxc3
66. Rxa6 Rxc2 67. Rb6 Rc4+ 68. Kg5 Kd3 69. Kf5 Kc3 70. Rh6 b3 71. Rh3+ Kb4 72.
Rh2 Rc2 73. Rh8 b2 74. Ke4 Rd2 75. Ke3 Rd5 0-1

[Event "XXXV Memorial Edoardo Crespi Magistrale"]
[Site "Milano ITA"]
[Date "2014.12.08"]
[Round "4"]
[White "Podetti, Davide"]
[Black "Battistella, Stefano"]
[WhiteElo "2002"]
[BlackElo "2055"]
[Result "0-1"]
[PlyCount "62"]
[EventDate "2014.12.06"]

1. e4 g6 2. d4 Bg7 3. Nc3 c6 4. Be3 d5 5. Qd2 dxe4 6. Nxe4 Nd7 7. h4 Ndf6 8.
Nxf6+ Nxf6 9. O-O-O h5 10. Nf3 Bg4 11. Be2 Nd5 12. c4 Nxe3 13. fxe3 Qd6 14. Ng5
Qg3 15. Rdf1 Bh6 16. Bf3 Bxg5 17. hxg5 Bxf3 18. gxf3 Qxg5 19. Rhg1 Qf6 20. Qa5
Qe6 21. d5 Qxe3+ 22. Kb1 O-O 23. dxc6 bxc6 24. Qxh5 Kg7 25. Qa5 c5 26. Qa4 Rh8
27. Qc2 Rab8 28. Rg2 e6 29. f4 Rh5 30. Rfg1 Rf5 31. Rh2 Qxg1+ 0-1

[Event "XXXV Memorial Edoardo Crespi Magistrale"]
[Site "Milano ITA"]
[Date "2014.12.08"]
[Round "4"]
[White "Rozentalis, Eduardas"]
[Black "Gabuzyan, Hovhannes"]
[WhiteElo "2600"]
[BlackElo "2565"]
[Result "1-0"]
[PlyCount "73"]
[EventDate "2014.12.06"]

1. e4 c5 2. Nf3 d6 3. Bb5+ Bd7 4. c4 Nf6 5. Nc3 g6 6. Bxd7+ Nfxd7 7. d4 Bg7 8.
O-O O-O 9. Be3 Nc6 10. Qd2 a6 11. dxc5 Nxc5 12. Bh6 Ne5 13. Nxe5 dxe5 14. Rfd1
Qxd2 15. Bxd2 Rac8 16. Nd5 Rfe8 17. Bb4 f5 18. Nb6 Rc6 19. Bxc5 Rxc5 20. b4 Rc7
21. f3 e6 22. c5 Bh6 23. Rd3 fxe4 24. fxe4 Bg5 25. Rad1 a5 26. a3 axb4 27. axb4
Rf8 28. Rf1 Rcf7 29. Rxf7 Rxf7 30. g3 Kf8 31. Kg2 Ke8 32. Nc4 Rc7 33. Rd6 Be7
34. Rxe6 Rd7 35. Nd6+ Kf8 36. Rxe5 Bxd6 37. Rd5 1-0

[Event "XXXV Memorial Edoardo Crespi Magistrale"]
[Site "Milano ITA"]
[Date "2014.12.08"]
[Round "4"]
[White "Stella, Andrea"]
[Black "Alvarado Diaz, Alejandro"]
[WhiteElo "2410"]
[BlackElo "2358"]
[Result "1-0"]
[PlyCount "55"]
[EventDate "2014.12.06"]

1. Nf3 Nf6 2. c4 g6 3. g3 Bg7 4. Bg2 O-O 5. O-O d6 6. d4 Nbd7 7. Nc3 e5 8. e4
exd4 9. Nxd4 Re8 10. h3 a6 11. Be3 Rb8 12. b3 c5 13. Nde2 b5 14. Qxd6 b4 15.
Na4 Nxe4 16. Bxe4 Rxe4 17. Rad1 Rxe3 18. fxe3 Qe8 19. Rf2 Qxe3 20. Qc7 Be5 21.
Qd8+ Nf8 22. Rd3 Qh6 23. Qd5 Qg7 24. Re3 Bd4 25. Nxd4 cxd4 26. Re7 Be6 27. Qd6
Rc8 28. Nb6 1-0

[Event "XXXV Memorial Edoardo Crespi Magistrale"]
[Site "Milano ITA"]
[Date "2014.12.08"]
[Round "4"]
[White "Vanheirzeele, Daniel"]
[Black "Goossens, Hanne"]
[WhiteElo "2081"]
[BlackElo "2090"]
[Result "1/2-1/2"]
[PlyCount "23"]
[EventDate "2014.12.06"]

1. d4 Nf6 2. c4 e6 3. g3 c5 4. Nf3 d5 5. Bg2 Nc6 6. O-O Be7 7. dxc5 Bxc5 8. a3
dxc4 9. Qa4 O-O 10. Qxc4 Be7 11. Nc3 e5 12. Rd1 1/2-1/2

[Event "XXXV Memorial Edoardo Crespi Magistrale"]
[Site "Milano ITA"]
[Date "2014.12.08"]
[Round "4"]
[White "Vezzosi, Paolo"]
[Black "Pelizzola, Danilo"]
[WhiteElo "2291"]
[BlackElo "2033"]
[Result "1-0"]
[PlyCount "75"]
[EventDate "2014.12.06"]

1. d4 Nf6 2. c4 e6 3. Nc3 Bb4 4. f3 c5 5. a3 Bxc3+ 6. bxc3 Nc6 7. e4 d6 8. Be3
b6 9. Bd3 e5 10. d5 Na5 11. Ne2 Qe7 12. O-O O-O 13. Ng3 Bd7 14. h3 Rae8 15. f4
Bc8 16. fxe5 Qxe5 17. Bf4 Qxc3 18. Bxd6 Qd4+ 19. Kh2 Nxc4 20. Ne2 Qxa1 21. Qxa1
Nxd6 22. e5 Nxd5 23. exd6 Ne3 24. Rf4 c4 25. Bb1 Nxg2 26. Re4 Nh4 27. Nd4 Ng6
28. Qc3 Rd8 29. Qb4 Rd7 30. Nf5 Rfd8 31. Rxc4 Bb7 32. Qc3 f6 33. Rc7 Ne5 34.
Ba2+ Kh8 35. Be6 g6 36. Bxd7 Nxd7 37. Rxd7 Rxd7 38. Qxf6+ 1-0

[Event "XXXV Memorial Edoardo Crespi Magistrale"]
[Site "Milano ITA"]
[Date "2014.12.09"]
[Round "5"]
[White "Alvarado Diaz, Alejandro"]
[Black "Aleksic, Nenad"]
[WhiteElo "2358"]
[BlackElo "2328"]
[Result "1-0"]
[PlyCount "77"]
[EventDate "2014.12.06"]

1. d4 b6 2. Nf3 e6 3. c4 Nf6 4. g3 Bb7 5. Bg2 g6 6. O-O Bg7 7. Re1 O-O 8. Nc3
Ne4 9. Bd2 d6 10. Qc2 Nxd2 11. Qxd2 Nd7 12. e4 a6 13. d5 e5 14. b4 Qe7 15. Qc2
Bh6 16. Na4 Rab8 17. Rab1 c6 18. dxc6 Bxc6 19. Nc3 Nf6 20. h4 Rfc8 21. Qd3 Bb7
22. Rbd1 Rd8 23. a3 Rbc8 24. Nd2 Qc7 25. Bh3 Rb8 26. Nf1 Bc8 27. Bg2 Bg4 28. f3
Be6 29. Nd5 Nxd5 30. cxd5 Bd7 31. Ne3 Rbc8 32. Ng4 Bxg4 33. fxg4 Qc3 34. g5 Bf8
35. Bh3 Rc7 36. Re2 Rb8 37. Rf2 Rc4 38. Qxc3 Rxc3 39. Rdf1 1-0

[Event "XXXV Memorial Edoardo Crespi Magistrale"]
[Site "Milano ITA"]
[Date "2014.12.09"]
[Round "5"]
[White "Andreoni, Giuseppe"]
[Black "Nicolo', Filippo"]
[WhiteElo "2179"]
[BlackElo "2062"]
[Result "0-1"]
[PlyCount "88"]
[EventDate "2014.12.06"]

1. e4 e6 2. d4 d5 3. Nc3 Nc6 4. e5 f6 5. Bb5 Bd7 6. Nf3 Qe7 7. O-O Qf7 8. a3
Nge7 9. Qe2 O-O-O 10. Re1 h6 11. b4 f5 12. Na4 Nb8 13. Nc5 Bxb5 14. Qxb5 b6 15.
Nb3 g5 16. Qd3 a6 17. c4 dxc4 18. Qxc4 Nd5 19. Qc2 Rg8 20. Nfd2 h5 21. Nc4 h4
22. f3 Qh5 23. Ne3 h3 24. g4 Nxe3 25. Rxe3 fxg4 26. fxg4 Qxg4+ 27. Rg3 Qh5 28.
Qd3 g4 29. Qc4 Qf5 30. Be3 Be7 31. Rf1 Qg6 32. Bf2 Rd7 33. Nd2 Bh4 34. Rc3 Bg5
35. Nb3 Qe4 36. Rg3 Bf4 37. Re1 Qc6 38. Qxc6 Nxc6 39. Rc3 Ne7 40. Rf1 Nd5 41.
Rc6 Rg6 42. Bg3 Be3+ 43. Bf2 Kb7 44. Rc2 g3 0-1

[Event "XXXV Memorial Edoardo Crespi Magistrale"]
[Site "Milano ITA"]
[Date "2014.12.09"]
[Round "5"]
[White "Brociner, Beniamino"]
[Black "Motola, Jacopo"]
[WhiteElo "2202"]
[BlackElo "2069"]
[Result "1/2-1/2"]
[PlyCount "37"]
[EventDate "2014.12.06"]

1. Nf3 d5 2. g3 Nf6 3. Bg2 Bg4 4. O-O c6 5. c4 Nbd7 6. b3 e6 7. d4 Be7 8. Ba3
Bxf3 9. Bxe7 Qxe7 10. Bxf3 O-O 11. Nc3 Rfd8 12. cxd5 cxd5 13. Rc1 Qb4 14. Qd3
a6 15. Rc2 Rac8 16. Rfc1 Qa3 17. Qd2 Nb6 18. e3 h6 19. Kg2 1/2-1/2

[Event "XXXV Memorial Edoardo Crespi Magistrale"]
[Site "Milano ITA"]
[Date "2014.12.09"]
[Round "5"]
[White "Cazzaniga, Walter"]
[Black "Vezzosi, Paolo"]
[WhiteElo "2115"]
[BlackElo "2291"]
[Result "1/2-1/2"]
[PlyCount "92"]
[EventDate "2014.12.06"]

1. d4 Nf6 2. c4 e6 3. Nf3 Bb4+ 4. Bd2 c5 5. Bxb4 cxb4 6. g3 O-O 7. Bg2 d6 8.
O-O Qc7 9. Qd3 e5 10. Nbd2 Re8 11. e4 Bg4 12. Rac1 Na6 13. Rfe1 Rad8 14. h3
Bxf3 15. Nxf3 Qa5 16. Qb1 Rc8 17. c5 dxc5 18. dxe5 Nd7 19. e6 Rxe6 20. e5 h6
21. Nd4 Rxe5 22. Bxb7 Rf8 23. Nc6 Rxe1+ 24. Rxe1 Qb6 25. Ne7+ Kh8 26. Bd5 Qf6
27. b3 Nc7 28. Bg2 Ne5 29. Qe4 Qxe7 30. Qxe5 Qxe5 31. Rxe5 Ne6 32. Bd5 Rc8 33.
Kg2 Rc7 34. Bxe6 fxe6 35. Rxe6 Kg8 36. Ra6 Kf7 37. Kf3 c4 38. bxc4 Rxc4 39.
Rxa7+ Kf6 40. Ra6+ Kf7 41. h4 h5 42. Ra7+ Kg8 43. Ra8+ Kf7 44. Ke3 Rc3+ 45. Kd2
Rf3 46. Ke2 Rc3 1/2-1/2

[Event "XXXV Memorial Edoardo Crespi Magistrale"]
[Site "Milano ITA"]
[Date "2014.12.09"]
[Round "5"]
[White "D'Avino, Gianfranco"]
[Black "Arigoni, Bruno"]
[WhiteElo "2137"]
[BlackElo "2029"]
[Result "1-0"]
[PlyCount "61"]
[EventDate "2014.12.06"]

1. d4 Nf6 2. c4 e6 3. Nf3 Bb4+ 4. Nbd2 b6 5. e3 Bb7 6. a3 Bxd2+ 7. Qxd2 a5 8.
b3 O-O 9. Be2 Ne4 10. Qc2 f5 11. O-O d6 12. Bb2 Nd7 13. d5 e5 14. Nd2 Nxd2 15.
Qxd2 Nc5 16. Qc2 Qh4 17. f3 Qh6 18. Qc3 Rae8 19. Bd1 e4 20. Bc2 exf3 21. Rxf3
Ne4 22. Qd4 Bc8 23. Raf1 Rf6 24. Rf4 g5 25. Rxe4 Ref8 26. Re7 f4 27. exf4 gxf4
28. Rxf4 Qh4 29. Rg7+ Kh8 30. Rxh7+ Kg8 31. Rhxh4 1-0

[Event "XXXV Memorial Edoardo Crespi Magistrale"]
[Site "Milano ITA"]
[Date "2014.12.09"]
[Round "5"]
[White "Gabuzyan, Hovhannes"]
[Black "Legky, Nikolay A."]
[WhiteElo "2565"]
[BlackElo "2406"]
[Result "1/2-1/2"]
[PlyCount "80"]
[EventDate "2014.12.06"]

1. e4 e6 2. d4 d5 3. Nd2 h6 4. Ngf3 Nf6 5. Bd3 c5 6. e5 Nfd7 7. O-O Nc6 8. c3
g5 9. dxc5 Nxc5 10. Bb5 Bg7 11. Nb3 Nd7 12. Nbd4 Qc7 13. Re1 a6 14. Ba4 Nb6 15.
Bxc6+ bxc6 16. h4 c5 17. Nb3 g4 18. Nh2 h5 19. Bf4 Nc4 20. Qc2 Bb7 21. Nf1
O-O-O 22. Ng3 Rdg8 23. Nd2 Nxd2 24. Qxd2 Bf8 25. b4 Be7 26. bxc5 Bxh4 27. Ne2
d4 28. cxd4 Qc6 29. d5 Qxd5 30. Qxd5 Bxd5 31. Rab1 Bd8 32. Nc3 Bc6 33. Ne4 h4
34. Nd6+ Kc7 35. Nxf7 Rh7 36. Nxd8 Rxd8 37. Rb6 h3 38. Rxa6 Kb7 39. Rb6+ Kc7
40. Ra6 Kb7 1/2-1/2

[Event "XXXV Memorial Edoardo Crespi Magistrale"]
[Site "Milano ITA"]
[Date "2014.12.09"]
[Round "5"]
[White "Gedajlovic, Max"]
[Black "Battistella, Stefano"]
[WhiteElo "2104"]
[BlackElo "2055"]
[Result "1-0"]
[PlyCount "119"]
[EventDate "2014.12.06"]

1. d4 Nf6 2. Nf3 e6 3. e3 b6 4. Bd3 Bb7 5. Nbd2 c5 6. O-O Be7 7. b3 Nc6 8. a3
O-O 9. Bb2 d5 10. Ne5 Nxe5 11. dxe5 Ne4 12. Qe2 Nxd2 13. Qxd2 c4 14. Be2 Ba6
15. b4 Rc8 16. Bc3 f5 17. a4 Bb7 18. Ra2 a6 19. Bd4 Rb8 20. c3 Bc8 21. Bd1 Bd7
22. g3 g5 23. f4 g4 24. h3 h5 25. Qh2 Kg7 26. Rg2 Rh8 27. Kf2 Qe8 28. Rh1 Bxa4
29. hxg4 Bxd1 30. gxf5 Qa4 31. f6+ Bxf6 32. exf6+ Kf7 33. Re1 Bg4 34. Kg1 Qc6
35. Rb2 Bf3 36. Kf2 Be4 37. Ke2 Qa4 38. Kf1 Qc6 39. Ra1 b5 40. Rba2 Ra8 41. Ra5
h4 42. g4 h3 43. f5 exf5 44. Rxa6 fxg4 45. Ra7+ Kg6 46. Qf4 Kh5 47. Qe5+ Kh4
48. f7 Rh5 49. Qf6+ Qxf6+ 50. Bxf6+ Kg3 51. Rxa8 Rf5+ 52. Ke2 Rf2+ 53. Ke1 Rg2
54. f8=Q h2 55. Qh6 Rg1+ 56. Kd2 Rg2+ 57. Kc1 Rc2+ 58. Kd1 h1=Q+ 59. Qxh1 Bxh1
60. Kxc2 1-0

[Event "XXXV Memorial Edoardo Crespi Magistrale"]
[Site "Milano ITA"]
[Date "2014.12.09"]
[Round "5"]
[White "Pelizzola, Danilo"]
[Black "Vanheirzeele, Daniel"]
[WhiteElo "2033"]
[BlackElo "2081"]
[Result "1/2-1/2"]
[PlyCount "61"]
[EventDate "2014.12.06"]

1. e4 c5 2. Nf3 d6 3. d4 cxd4 4. Nxd4 Nf6 5. Nc3 g6 6. Be3 Bg7 7. f3 Nc6 8. Bc4
O-O 9. Qd2 Bd7 10. O-O-O Rc8 11. Bb3 Ne5 12. g4 b5 13. h4 a5 14. a3 b4 15. axb4
axb4 16. Nb1 Qa5 17. Bh6 Nc4 18. Bxc4 Rxc4 19. Bxg7 Kxg7 20. h5 Rfc8 21. hxg6
fxg6 22. Qh6+ Kf7 23. g5 Qc5 24. Rd2 Rxd4 25. gxf6 exf6 26. Qxh7+ Ke6 27. Qh3+
Ke7 28. Qg2 Rxd2 29. Qxd2 Be6 30. Rh7+ Bf7 31. Rh1 1/2-1/2

[Event "XXXV Memorial Edoardo Crespi Magistrale"]
[Site "Milano ITA"]
[Date "2014.12.09"]
[Round "5"]
[White "Podetti, Davide"]
[Black "Garano, Nicola"]
[WhiteElo "2002"]
[BlackElo "2189"]
[Result "0-1"]
[PlyCount "90"]
[EventDate "2014.12.06"]

1. e4 c5 2. Nc3 Nc6 3. g3 g6 4. Bg2 Bg7 5. d3 d6 6. f4 e6 7. Nf3 Nge7 8. O-O
O-O 9. Be3 Nd4 10. Rb1 Nec6 11. Ne2 e5 12. c3 Nxf3+ 13. Bxf3 exf4 14. Nxf4 Ne5
15. Nd5 Be6 16. Qd2 Bxd5 17. exd5 Qd7 18. b3 Rae8 19. d4 cxd4 20. Bxd4 Qf5 21.
Bg2 Qh5 22. Rbe1 b6 23. Bxe5 Rxe5 24. Bf3 Qf5 25. Bg2 Qc8 26. Rxe5 Bxe5 27. c4
Re8 28. Qd3 Qg4 29. Bf3 Qg5 30. Bg2 h5 31. Qf3 Re7 32. Kh1 h4 33. gxh4 Qxh4 34.
Qh3 Qd4 35. Qc8+ Kg7 36. Qh3 Re8 37. Qd7 Rf8 38. a4 Qh4 39. Qh3 Qe7 40. Qf3 Rh8
41. Bh3 Rh5 42. Rf2 f5 43. Rg2 Qh4 44. Bxf5 Qe1+ 45. Rg1 Rxh2# 0-1

[Event "XXXV Memorial Edoardo Crespi Magistrale"]
[Site "Milano ITA"]
[Date "2014.12.09"]
[Round "5"]
[White "Podini, Francesco"]
[Black "Pavlidis, Anastasios"]
[WhiteElo "2000"]
[BlackElo "2354"]
[Result "0-1"]
[PlyCount "62"]
[EventDate "2014.12.06"]

1. d4 d5 2. Bf4 Nf6 3. Nf3 c6 4. e3 Qb6 5. Nbd2 Bf5 6. Nb3 a5 7. a4 e6 8. Be2
Na6 9. O-O Nb4 10. Bd3 Nxd3 11. cxd3 Qa6 12. Ne5 Nd7 13. Nxd7 Kxd7 14. Nc5+
Bxc5 15. dxc5 Qxd3 16. Qf3 Bg6 17. Qg3 f6 18. Rfd1 Qf5 19. Bd6 h5 20. f3 h4 21.
Qf2 e5 22. e4 dxe4 23. Bxe5+ Ke8 24. Bc7 Kf7 25. Ra3 Rh5 26. Bd6 Re8 27. f4 h3
28. g3 Qe6 29. Qe1 e3 30. Qe2 Rd5 31. Rxd5 Qxd5 0-1

[Event "XXXV Memorial Edoardo Crespi Magistrale"]
[Site "Milano ITA"]
[Date "2014.12.09"]
[Round "5"]
[White "Ricci, Marco"]
[Black "Goossens, Hanne"]
[WhiteElo "2048"]
[BlackElo "2090"]
[Result "1/2-1/2"]
[PlyCount "92"]
[EventDate "2014.12.06"]

1. e4 c5 2. Nf3 Nc6 3. d4 cxd4 4. Nxd4 Nf6 5. Nc3 d6 6. f3 e5 7. Nb3 Be7 8. Be3
O-O 9. Bc4 a5 10. Nd5 Nxd5 11. Bxd5 Nb4 12. c4 Bg5 13. Bf2 a4 14. Nc1 Bxc1 15.
Rxc1 Nxa2 16. Ra1 Nb4 17. Rxa4 Rxa4 18. Qxa4 Nd3+ 19. Ke2 Nxf2 20. Kxf2 Qb6+
21. Kg3 Qxb2 22. Rd1 h5 23. h3 h4+ 24. Kh2 Qf2 25. Kh1 g6 26. Qb3 Kg7 27. Qd3
Qg3 28. Qf1 Re8 29. Rb1 Re7 30. Rb6 Rc7 31. Rxd6 b5 32. Rb6 Bd7 33. Rxb5 Bxb5
34. cxb5 Qf4 35. Bc6 Qe3 36. Qa1 Kf6 37. Qa8 Ra7 38. Qh8+ Kg5 39. Qxe5+ f5 40.
f4+ Qxf4 41. Qd4 Re7 42. Qd8 Kf6 43. Bd5 Qe5 44. b6 Qa1+ 45. Kh2 Qe5+ 46. Kh1
Qa1+ 1/2-1/2

[Event "XXXV Memorial Edoardo Crespi Magistrale"]
[Site "Milano ITA"]
[Date "2014.12.09"]
[Round "5"]
[White "Stella, Andrea"]
[Black "Rozentalis, Eduardas"]
[WhiteElo "2410"]
[BlackElo "2600"]
[Result "1/2-1/2"]
[PlyCount "31"]
[EventDate "2014.12.06"]

1. c4 e6 2. g3 d5 3. Bg2 Nf6 4. Nf3 Be7 5. O-O O-O 6. d4 dxc4 7. Qc2 a6 8. Qxc4
b5 9. Qc2 Bb7 10. Bd2 Be4 11. Qc1 Qc8 12. Bg5 c5 13. Nbd2 Bb7 14. dxc5 Qxc5 15.
Qxc5 Bxc5 16. Rfc1 1/2-1/2

[Event "XXXV Memorial Edoardo Crespi Magistrale"]
[Site "Milano ITA"]
[Date "2014.12.09"]
[Round "5"]
[White "Tramalloni, Luca"]
[Black "Iudicello, Giovanni"]
[WhiteElo "2053"]
[BlackElo "2099"]
[Result "1/2-1/2"]
[PlyCount "142"]
[EventDate "2014.12.06"]

1. d4 Nf6 2. c4 g6 3. Nc3 Bg7 4. e4 d6 5. h3 O-O 6. Nf3 e5 7. d5 a5 8. Be3 Na6
9. g4 Nc5 10. Nd2 c6 11. Be2 cxd5 12. cxd5 Ne8 13. g5 f5 14. h4 Nxe4 15. Ndxe4
fxe4 16. Nxe4 Bf5 17. f3 a4 18. Qd2 Rf7 19. a3 Rb8 20. Rc1 b5 21. O-O Bf8 22.
Kg2 Qd7 23. Rh1 Be7 24. Rc6 Qd8 25. Rcc1 Ng7 26. Ng3 Qd7 27. Rc6 Qd8 28. Rcc1
Bd7 29. h5 Nf5 30. Nxf5 Bxf5 31. hxg6 Bxg6 32. Rh4 Rg7 33. Rb4 Be8 34. Rg4 Bd7
35. Rg3 Bf5 36. Kf2 Qd7 37. Bd3 Rf8 38. Bxf5 Qxf5 39. Rcg1 Rg6 40. Ke2 Rc8 41.
Rc1 Rf8 42. Qd3 Qd7 43. Rh1 Qf5 44. Qxf5 Rxf5 45. Rhg1 Rf8 46. Rg4 Rb8 47. Rc1
Rg7 48. Rc6 Kf7 49. Kd3 Kg6 50. Rb4 Kf5 51. Rc7 Bf8 52. Rxg7 Bxg7 53. Rh4 Kg6
54. Re4 Rf8 55. Rb4 Rb8 56. Bd2 Bf8 57. b3 axb3 58. a4 Be7 59. axb5 Bxg5 60.
Be1 Bd8 61. Rxb3 Bb6 62. Rb4 h5 63. Ra4 Bc5 64. Kc4 Rf8 65. Bb4 Rf4+ 66. Kb3
Rxf3+ 67. Ka2 Rf2+ 68. Kb3 Rf3+ 69. Kc2 Rf2+ 70. Kb3 Rf3+ 71. Kc2 Rf2+ 1/2-1/2

[Event "XXXV Memorial Edoardo Crespi Magistrale"]
[Site "Milano ITA"]
[Date "2014.12.10"]
[Round "6"]
[White "Aleksic, Nenad"]
[Black "Iudicello, Giovanni"]
[WhiteElo "2328"]
[BlackElo "2099"]
[Result "1-0"]
[PlyCount "105"]
[EventDate "2014.12.06"]

1. e4 e5 2. Nf3 Nc6 3. c3 Nf6 4. d3 d5 5. Qc2 Be7 6. Be2 a5 7. O-O O-O 8. Nbd2
h6 9. b3 Be6 10. Bb2 Bd6 11. a3 dxe4 12. dxe4 Qe7 13. b4 Nd7 14. Nc4 Bxc4 15.
Bxc4 Nd8 16. Rad1 Ne6 17. g3 Nb6 18. Bb3 c5 19. Nh4 g6 20. Qd2 Rfd8 21. Qxh6 c4
22. Bc2 Qf6 23. Qe3 Nc8 24. Bc1 b5 25. Rd5 Nc7 26. Rd2 Re8 27. Bd1 Ne6 28. Bg4
Bc7 29. Qf3 Qe7 30. Ng2 axb4 31. axb4 Ng5 32. Qe2 Nd6 33. Bf3 Qf6 34. Nh4 Nh3+
35. Kh1 Nf4 36. gxf4 Qxh4 37. Rg1 Kf8 38. Rg4 Qh7 39. Rd1 Rad8 40. fxe5 Rxe5
41. Bf4 Ree8 42. e5 f5 43. Rg2 Nf7 44. Rxd8 Nxd8 45. Qe3 Ne6 46. Bh6+ Kf7 47.
Bd5 Bxe5 48. Qxe5 Qxh6 49. Rg3 Qg7 50. Qd6 Qf6 51. Re3 f4 52. Rxe6 Rxe6 53.
Qd7+ 1-0